| 000 | 00354nam a2200121Ia 4500 | ||
|---|---|---|---|
| 008 | 190216s9999||||xx |||||||||||||| ||und|| | ||
| 100 | _aPhilip John Durrant And Beryl Durrant | ||
| 245 | 0 | _aIntorduction To Advanced Inorganic Chemistry | |
| 260 |
_bThe English Language Book Society _c1975 |
||
| 300 | _a1250p | ||
| 650 | _aChemistry-Chemistry | ||
| 942 | _cBK | ||
| 999 |
_c2419 _d2419 |
||